| 000 | | | 04875nbm0a2200301 x 450 |
| 001 | | | afacf5d2-8440-4ad0-8782-ee7a1f48688a |
| 005 | | | 20240219144203.0 |
| 100 | ## | $a | 20240218j19430107k###0rusy50 ca |
| 101 | 0# | $a | rus |
| 102 | ## | $a | RU |
| 122 | 0# | $a | d19430107## |
| 200 | 1# | $a | Докладная записка начальника 7-го отдела Политуправления Донского фронта И. П. Мельникова "О политико-моральном состоянии немецко-фашистских войск, окруженных под Сталинградом" |
| | $j | 7 января 1943 г. |
| 251 | ## | $c | Документ |
| 300 | ## | $a | Подлинник |
| 461 | #0 | $1 | 2001 |
| | $a | Ф. 32 |
| | $1 | 251 |
| | $c | Фонд |
| | $1 | 852 |
| | $j | 32 |
| 462 | #0 | $1 | 2001 |
| | $a | Оп. 11306 |
| | $1 | 251 |
| | $c | Опись |
| | $1 | 852 |
| | $j | 11306 |
| 462 | #0 | $1 | 2001 |
| | $a | Д. 282 |
| | $v | Л. 59-63об. |
| | $1 | 251 |
| | $c | Дело |
| | $1 | 852 |
| | $j | 282 |
| 601 | 02 | $2 | nlr_sh |
| | $3 | RU\NLR\AUTH\661526186 |
| | $a | Германия |
| | $b | Вооруженные силы |
| | $x | История |
| | $z | 1935 - 1945 |
| | $j | Документы и материалы |
| 601 | 02 | $2 | nlr_sh |
| | $3 | RU\NLR\AUTH\6601671968 |
| | $a | Германия |
| | $b | Вооружённые силы |
| | $x | Личный состав |
| | $x | Моральный облик |
| | $j | Документы и материалы |
| 605 | ## | $2 | prlib_sh |
| | $3 | LIBNET\UAF\0000088514 |
| | $a | Вторая мировая война в архивных документах (Комплекс оцифрованных архивных документов, кино- и фотоматериалов) |
| | $l | коллекция |
| 606 | 1# | $2 | nlr_sh |
| | $3 | RU\NLR\AUTH\661261857 |
| | $a | Сталинградская битва |
| | $z | 1942 - 1943 |
| | $j | Документы и материалы |
| 686 | ## | $a | 63.3(2)622,12ю1 |
| | $v | LBC/M |
| | $2 | rubbk |
| 686 | ## | $a | 63.3(24Гем)62-35ю1 |
| | $v | LBC/M |
| | $2 | rubbk |
| 801 | #0 | $a | RU |
| | $b | ПБ им. Б.Н. Ельцина |
| | $c | 20240218 |
| 801 | #1 | $a | RU |
| | $b | ПБ им. Б.Н. Ельцина |
| | $c | 20240218 |
| | $2 | rusmarc |
| 801 | #2 | $a | RU |
| | $b | ПБ им. Б.Н. Ельцина |
| | $c | 20240219 |
| | $2 | rusmarc |
| 850 | ## | $a | Центральный архив Министерства обороны Российской Федерации |
| 852 | ## | $a | ЦА МО РФ |
| | $j | Л. 59-63об. |
| 035 | ## | $a | LIBNET\0001381669 |
| 937 | ## | $d | 191023704 |
| | $h | Федеральное архивное агентство |
| 856 | 4# | $u | http://readingroom.main.prlib.ru/item.aspx?id_node=n191023704&mode=full |